000 00301nam a22001337a 4500
008 170615b xxu||||| |||| 00| 0 eng d
020 _a156802861X
041 _aeng
080 _a32
100 _a19
101 _aSHP
245 _aPOLITICAL ECONOMY AND GLOBAL AFFAIR
_cSOBEL, A.C
942 _2udc
_cBK
999 _c17542
_d17542